| 000 | 00554 a2200169 4500 | ||
|---|---|---|---|
| 001 | 067521 | ||
| 003 | OSt | ||
| 005 | 20211215114309.0 | ||
| 008 | |||
| 082 |
_a541.37 _bB63M |
||
| 100 | 1 | _aBockris, John O'M | |
| 245 | 1 |
_aModern electrochemistry _cby John O'M Bockris |
|
| 260 |
_aNew York _bSpringer _c2008 |
||
| 300 | _a1540-2053p. | ||
| 653 |
_aElectrochemistry; Ions; Chemistry; Physical organic chemistry; Chemistry, Physical and theoretical _aAnalytical biochemistry; Neurosciences; Toxicology |
||
| 942 |
_2ddc _cBK |
||
| 999 |
_c1409 _d1409 |
||